00931nam a2200253 a 450000100060000000300080000600500170001400800410003103500190007204000350009104100080012608200250013424501030015926000500026230000250031250000190033765000300035670000580038670000460044470000290049094200120051999900170053195201290054870456BD-RjUL20211209082014.017041 s1964 uk a 001 0 eng d a(BD-RjUL)70670 aBD-RjULbengcBD-RjULdBD-RjUL aeng a541.33223bREC 196400aRecent progress in surface science /cedited by J.F. Danielli, K.G.A. Pankhurst and A.C. Riddiford aNew York ;aLondon :bAcademic Press,cc1964. av. :bill. ;c24 cm. aIncludes index 0aSurface chemistry91624031 aDanielli, J. F.q(James Frederic),d1911-198492026151 aPankhurst, Kenneth George Alfred.92085921 aRiddiford, A. C.9208593 2ddccBK c70456d70456 00102ddc40718NFICaRUCLbRUCLcReadingd1979-01-10eW.U.S.l0o541.33 REC 1964r2017-04-17 00:00:00tC-1w2017-04-17yBK